[Event "Hastings 9899"]
[Site "Hastings"]
[Date "1999.01.02"]
[Round "4"]
[White "Sadler, Matthew D"]
[Black "Emms, John M"]
[Result "1/2-1/2"]
[WhiteElo "2660"]
[BlackElo "2585"]
[Annotator "Hecht,H"]
[PlyCount "197"]
[EventDate "1998.12.29"]
[EventType "tourn"]
[EventRounds "9"]
[EventCountry "ENG"]
[EventCategory "13"]
[SourceTitle "CBM 069"]
[Source "ChessBase"]
[SourceDate "1999.04.01"]
[SourceVersion "1"]
[SourceVersionDate "1999.04.01"]
[SourceQuality "1"]

1. d4 Nf6 2. c4 e6 3. Nc3 Bb4 4. e3 O-O 5. Bd3 c5 6. Nf3 d5 7. O-O dxc4 8. Bxc4
cxd4 9. exd4 b6 10. Qe2 Bb7 11. Bf4 Nbd7 12. Rac1 Bxc3 13. bxc3 Qe7 14. Bb3
Rfd8 15. Rfe1 Rac8 16. h3 Nf8 17. Ne5 N6d7 18. Nf3 Nf6 19. Ne5 N6d7 20. Nd3 Nf6
21. Be3 Ng6 22. Nf4 Nxf4 23. Bxf4 Nd5 24. Bd2 Qf6 25. Qg4 Qg6 26. c4 Qxg4 27.
hxg4 Nf6 28. g5 Ne4 29. Be3 Nd6 30. d5 exd5 31. cxd5 Nf5 32. Bf4 Rxc1 33. Rxc1
Nd4 34. Rc7 Ba8 35. Bc4 b5 36. Bf1 Bxd5 37. Rxa7 Bc4 38. Be3 Nf5 39. Bb6 Rc8
40. g3 Bxf1 41. Kxf1 h6 42. Ra5 Nd6 43. gxh6 Nc4 44. Ra6 Nxb6 45. Rxb6 Ra8 46.
Rxb5 Rxa2 47. hxg7 Kxg7 48. Kg2 Kg6 49. g4 Ra3 50. f3 f6 51. Kg3 Rc3 52. Rb8
Ra3 53. Rg8+ Kf7 54. Rh8 Kg7 55. Rh3 Kg6 56. Rh5 Rb3 57. Rd5 Ra3 58. Rd2 Rb3
59. Re2 Ra3 60. Kf4 Rb3 61. Re3 Rb4+ 62. Kg3 Rb1 63. f4 Rg1+ 64. Kh4 Rh1+ 65.
Rh3 Rg1 66. f5+ Kg7 67. Ra3 Rh1+ 68. Kg3 Rg1+ 69. Kf3 Rf1+ 70. Kg2 Rb1 71. Ra7+
Kf8 72. Kh3 Rh1+ 73. Kg2 Rb1 74. Kf3 Rb4 75. Rc7 Ra4 76. Rb7 Rc4 77. Kg3 Rc1
78. g5 fxg5 79. Kg4 Rc6 80. Ra7 Rb6 81. Rd7 Ra6 82. Rb7 Rc6 83. Kh5 g4 84. Kxg4
Ra6 85. Kg5 Rc6 86. Kg4 Rc4+ 87. Kg5 Rc6 88. Kf4 Ra6 89. Rd7 Ra4+ 90. Ke5 Ra5+
91. Ke6 Ra6+ 92. Rd6 Rxd6+ 93. Kxd6 {[#] 1. Übung zum Thema Bauernendspiel} Kf7
94. Ke5 Ke7 95. f6+ Kf7 96. Kf5 Kf8 97. Kg6 Kg8 {Wenn dieses Elementarendspiel
schon geübt wird, dann gehört auch das Stellen der einzigen "Falle" dazu...!}
98. f7+ (98. Kh6 $1 Kh8 $4 (98... Kf7 $11) 99. Kh5 $1 (99. f7 {patt}) 99... Kh7
100. Kg5 Kh8 101. Kh6 Kg8 102. Kg6 Kh8 103. Kf7 Kh7 104. Ke7 $18) 98... Kf8 99.
Kf6 1/2-1/2

[Event "Hamburg SKA"]
[Site "Hamburg"]
[Date "1991.07.04"]
[Round "7"]
[White "Knaak, Rainer"]
[Black "Jussupow, Artur"]
[Result "0-1"]
[WhiteElo "2515"]
[BlackElo "2605"]
[Annotator "Jussupow,A"]
[PlyCount "124"]
[EventDate "1991.06.27"]
[EventType "tourn"]
[EventRounds "13"]
[EventCountry "GER"]
[EventCategory "11"]
[SourceTitle "CBM 024"]
[Source "ChessBase"]
[SourceDate "1991.10.01"]
[SourceVersion "1"]
[SourceVersionDate "1991.10.01"]
[SourceQuality "1"]

1. d4 Nf6 2. c4 e6 3. Nc3 Bb4 4. e3 O-O 5. Bd3 d5 6. Nf3 c5 7. O-O dxc4 8. Bxc4
Bd7 9. a3 (9. Qe2 Bc6 10. Rd1 Qe7 11. a3 $14) 9... Ba5 10. Qe2 Bc6 11. Rd1 Nbd7
(11... Qe7 $14) 12. d5 (12. Bd2 $5 Bb6 $14) 12... exd5 13. Nxd5 Nb6 14. Nf4 {N}
(14. Nxb6 Qxb6 15. Ne5 Ba4 16. Rd3 Qc7 17. b3 Bxb3 18. Rxb3 Qxe5 19. Bb2 $44 {
Szabo-Holmov,Leningrad 1967}) 14... Qc7 (14... Qe7 15. Bb5 $10) 15. Ba2 Rae8
$15 16. Bd2 Bxd2 (16... Qxf4 $5 17. Bxa5 Qh6 $36) 17. Rxd2 Ne4 18. Rc2 Qe7 $1
19. Rac1 Ba4 20. b3 Bc6 21. Nd2 $1 Nd7 22. Bb1 Qg5 23. Nf1 Re7 24. Qd1 Rfe8 25.
f3 $13 Nef6 26. Nh3 Qh6 27. Rd2 Ne5 28. Nf2 (28. e4 $2 Nxf3+ $17) 28... Bb5 29.
f4 $8 (29. Ng3 $2 Qxe3 30. Nf5 Nxf3+ 31. gxf3 Qg5+ $19) 29... Ng6 30. Bd3 Bxd3
31. Rxd3 b6 32. Rd8 Nh4 33. Ng4 Qg6 34. Nxf6+ Qxf6 35. Qd7 Kf8 36. Rxe8+ Rxe8
37. Rd1 g6 38. Qxa7 Qc6 39. Rd2 Ra8 40. Qd7 Qxd7 41. Rxd7 Rxa3 42. Nd2 $10 Ke8
43. Rd5 Nf5 44. g4 Ne7 45. Rd3 f5 $1 46. g5 $6 (46. Nc4 Ra1+ 47. Kf2 fxg4 48.
e4 $10) 46... b5 47. Rd6 Ra2 48. e4 $2 (48. Kf1 $142 $15) 48... Rc2 49. e5 Nc8
(49... c4 $5 50. bxc4 bxc4 $17) 50. Rd3 c4 51. bxc4 bxc4 52. Rd4 c3 (52... Nb6
$142) 53. Nb3 $1 $17 Nb6 54. Rb4 Nd5 55. Rb8+ Ke7 56. Rb7+ Kd8 57. e6 Kc8 $1
58. Rb5 $2 (58. e7 $142 Re2 59. Rb5 $17) 58... Nxf4 59. Nd4 Rd2 60. Rc5+ Kd8
$19 61. Nf3 Rb2 62. Nd4 Rb1+ {Yusupov} 0-1

[Event "Bundesliga 9596"]
[Site "Germany"]
[Date "1995.??.??"]
[Round "?.1"]
[White "Jussupow, Artur"]
[Black "Rozentalis, Eduardas"]
[Result "1-0"]
[WhiteElo "2680"]
[BlackElo "2610"]
[Annotator "Jussupow,A"]
[PlyCount "99"]
[EventDate "1995.10.14"]
[EventType "team-tourn"]
[EventRounds "15"]
[EventCountry "GER"]
[SourceTitle "GER-chT"]
[Source "ChessBase"]
[SourceDate "1999.07.01"]
[SourceVersion "1"]
[SourceVersionDate "1999.07.01"]
[SourceQuality "1"]
[WhiteTeam "Solingen"]
[BlackTeam "Zaehringen"]
[WhiteTeamCountry "GER"]
[BlackTeamCountry "GER"]

1. d4 Nf6 2. c4 e6 3. Nc3 Bb4 4. e3 O-O 5. Bd3 c5 6. Nf3 d5 7. O-O dxc4 8. Bxc4
b6 9. a3 cxd4 10. axb4 dxc3 11. Qxd8 Rxd8 12. bxc3 a5 (12... Bb7 {
-Yusupov-Nikolic/Munich/1994/CBM}) 13. Bb2 Bb7 14. Be2 Nbd7 15. Rfd1 Rdc8 (
15... axb4 $6 16. cxb4 Rxa1 17. Rxa1 Ra8 18. Rxa8+ Bxa8 19. Nd2 $16 {
Stein-Kholmov/USSR/ch/1963/ECO}) 16. Kf1 $1 $146 (16. Nd4 Bd5 $1 $10 {/\Bc4} (
16... Ne5 17. Nb5 $5 {Taimanov-Eliskases/Cordoba/1960/+/-/ECO})) 16... Bd5 17.
Nd2 Ne5 (17... axb4 18. cxb4 Rxa1 19. Bxa1 $14) 18. f3 Ne8 $5 {/\Nd6 ><c4} (
18... Nc4 $2 19. Nxc4 Bxc4 20. Bxc4 Rxc4 21. bxa5 bxa5 22. Rxa5 $16) 19. e4 Bc4
20. Nxc4 Nxc4 21. Bxc4 $1 (21. Bc1 Ned6 $10) 21... Rxc4 22. Rd7 $14 {פe8} Rc7
(22... Nc7 $2 23. bxa5 bxa5 24. Rxa5) (22... Rb8 $5 23. bxa5 $140 (23. Ke2 $5
axb4 24. Rd4 $14 (24. cxb4 Rxb4 25. Be5 Rc8 26. Raa7 f6 $13) (24. Kd3 b5 $13))
23... bxa5 24. Rxa5 Rxb2 25. Ra8 Kf8 26. Rdd8 g6 $10) 23. Rad1 $1 f6 24. Rxc7
Nxc7 25. Rd6 (25. Rd7 Rc8 $132) 25... Rb8 26. Ke2 e5 27. g3 $5 {/\f4} Kf8 28.
Rd7 (28. Rc6 $5) 28... Ne6 29. Ke3 axb4 $6 (29... Ke8 $142 $14) 30. cxb4 Rc8 (
30... Ke8 $142) 31. Kd3 Rc6 (31... Ng5 $5) (31... Ke8 32. Rd6 $16 (32. Rb7))
32. h4 $16 h5 33. Bc3 Ke8 $138 (33... g5 $5 $16) 34. Rb7 Kd8 35. Rb8+ {><h5}
Ke7 36. b5 Rd6+ 37. Kc4 Nc5 38. Bb4 Rd4+ 39. Kc3 Rd3+ 40. Kc2 Rd4 41. Rb7+ $1
$18 Ke8 (41... Kf8 42. Bxc5+ bxc5 43. Rc7 Rc4+ 44. Kd3 Rd4+ 45. Kc3 $18) 42.
Bxc5 bxc5 43. Rxg7 Rb4 44. Rb7 Kf8 45. Kc3 Kg8 46. b6 Kf8 47. g4 hxg4 48. fxg4
Kg8 49. h5 Kh8 50. h6 1-0

[Event "Munich SKA"]
[Site "Munich"]
[Date "1994.05.30"]
[Round "8"]
[White "Jussupow, Artur"]
[Black "Nikolic, Predrag"]
[Result "1-0"]
[WhiteElo "2655"]
[BlackElo "2625"]
[Annotator "Jussupow,A"]
[PlyCount "87"]
[EventDate "1994.05.21"]
[EventType "tourn"]
[EventRounds "11"]
[EventCountry "GER"]
[EventCategory "16"]
[SourceTitle "CBM 042"]
[Source "ChessBase"]
[SourceDate "1994.10.01"]
[SourceVersion "1"]
[SourceVersionDate "1994.10.01"]
[SourceQuality "1"]

1. d4 Nf6 2. c4 e6 3. Nc3 Bb4 4. e3 O-O 5. Bd3 c5 6. Nf3 d5 7. O-O dxc4 8. Bxc4
b6 9. a3 cxd4 10. axb4 dxc3 11. Qxd8 (11. bxc3 $6 Qc7 12. Qe2 Bb7 13. Bd3 Nbd7
14. c4 Ng4 15. e4 f5 $15 {Yuferov-Zaisev/I/USSR/1969/}) 11... Rxd8 12. bxc3 Bb7
(12... Ne4 13. Bb2 Bb7 14. Rfd1 Nc6 15. Rxd8+ Rxd8 16. Nd4 a5 17. f3 Nd6 18.
Nxc6 Bxc6 19. Bf1 axb4 20. cxb4 $14 {Gligoric-Filip/Bulgaria ol/1962/}) (12...
Nc6 13. Bb2 Bb7 14. Be2 {-12...Bb7} (14. Rfd1 Rxd1+ (14... a6 15. Be2 Ne4 (
15... b5 $5 16. Nd4) 16. Rxd8+ Rxd8 17. Nd4 Nxd4 18. cxd4 b5 19. Rc1 Rc8 20.
Rxc8+ Bxc8 21. f3 Nd6 22. g4 $16 {Gheorgiu-Olafsson/Athens/1969/}) 15. Rxd1 Kf8
16. Bf1 (16. Be2 Ke8 17. Nd2 Rd8 18. Nc4 $14 {Georgiu-Matanovic/Tel Aviv/1966/
(Taimanov)}) 16... Ke8 17. Ra1 a6 18. Nd2 Kd7 19. f3 Kc7 20. e4 Nd7 21. Kf2 a5
22. Rc1 $14 {Geller-Matanovic/Sukhumi/1966/})) 13. Be2 (13. Bb2 a6 $5 14. Be2
b5 15. c4 (15. Rfd1 Nc6 {-13...Nc6} (15... Nbd7 16. c4)) 15... Nc6 $1 $10 {
Yusupov-Karpov/Tilburg/1993}) 13... a6 $5 (13... Nc6 14. Bb2 (14. Ba3 a6 15.
Rfc1 Ne4 16. Rc2 b5 17. Rac1 Rac8 18. Kf1 Ne7 19. c4 bxc4 20. Rxc4 Rxc4 21.
Rxc4 Rc8 22. Rxc8+ Nxc8 23. Ne5 $14 {Portisch-Johansson/Havanna ol/1966/})
14... a6 (14... Ne4 15. Rfd1 (15. Nd4 a5 16. f3 Nf6 (16... Nd6 $5) 17. b5 Nxd4
18. exd4 Nd5 19. Kf2 Nf4 20. c4 $16 {Lukacs-Webb/Moscow/European tch/1977})
15... Rxd1+ (15... a5 16. b5 Ne7 17. c4 f6 18. Nd4 Kf7 19. f3 Nc5 20. Ba3 Rdc8
21. Kf2 f5 22. Bxc5 Rxc5 23. Nb3 Rc7 24. c5 bxc5 25. Nxa5 $16 {Ivkov-Ostojic/
YUG ch/1972/}) 16. Rxd1 Rd8 17. Rxd8+ Nxd8 18. Nd4 Nc6 19. Nc2 f6 20. f3 Nd6
21. c4 $14 {Reshevsky-Evans/Amsterdam izt/1964/}) (14... a5 $6 15. b5 Nb8 16.
Rfd1 Nbd7 17. c4 Nc5 18. Ne5 (18. Nd4 Ne8 19. Ba3 Rac8 20. Bf3 Ne4 21. Nc6 $16
{Korchnoi-Wexler/Leipzig/ol/1960}) 18... Nfe4 19. f3 Nd2 20. Nc6 Rd7 21. Nd4
$16 {Portish-Donner/Beverwijk/1964/ECO}) (14... Kf8 15. b5 Na5 16. Ba3+ Kg8 17.
Bb4 Ne4 18. c4 Nb3 19. Ra3 Nbc5 20. Rfa1 a5 21. bxa6 Nxa6 $10 {Kletsel-Abramov/
corr/1975}) 15. Rfd1 (15. Nd4 $5 Nxd4 16. cxd4 b5 17. Rfc1 $14 {
Cvetkovic-Karaclaic/Yugoslavia/1966}) 15... b5 16. Nd2 Ne5 17. Nb3 Rxd1+ 18.
Rxd1 Bd5 19. Na5 Kf8 20. f3 $14 {Kortschnoj-Szabo/Buenos Aires/1960/ECO}) (
13... Nbd7 14. Rd1 a5 15. Bb2 axb4 (15... Rdc8 16. Nd4 Ne5 17. Nb5 $5 $16 {
Taimanov-Eliskases/Cordoba/1960/}) 16. cxb4 Rxa1 17. Rxa1 Ra8 18. Rxa8+ Bxa8
19. Nd2 $16 {Stein-Kholmov/USSR ch/1963/}) 14. c4 (14. Bb2 b5 15. Rfd1 {
-13...Nc6}) 14... Nc6 15. Ba3 (15. b5 $6 axb5 16. Rxa8 Rxa8 17. cxb5 Nb4 $15)
15... Ne4 16. Rfc1 f6 $1 $146 (16... Nd6 $6 17. b5 axb5 18. cxb5 Na5 19. Bb4
$14 {Tolush-Bilek/Leningrad-Budapest Tm/1959/ECO}) 17. h3 Rac8 18. Rc2 (18. b5
axb5 19. cxb5 Na5 $132) 18... Kf7 19. Rb1 {/\b5} (19. Raa2 $10 {/\Nd2}) 19...
Ne7 $10 20. Nd4 Rc7 $2 (20... e5 $1 21. Nb3 Bc6 $10) 21. Bg4 $1 $14 Bc8 $2 (
21... f5 22. Be2 $14 {><e5}) 22. b5 $1 $16 {/\Be7} f5 (22... axb5 23. Nxb5 Rcd7
24. Nd4 f5 25. Bf3 $18 {><b6} (25. Bxe7 $18)) (22... e5 23. Bxe7 $18) (22...
Nf5 23. bxa6 Nxd4 24. exd4 Bxa6 25. Rxb6 $18) 23. Bf3 Rdd7 24. bxa6 $1 Bxa6 25.
Rxb6 Bxc4 (25... Rxc4 26. Rxa6 Rdxd4 27. Rxc4 Rxc4 28. Bxe4 fxe4 29. Ra7 $18)
26. Bxe7 $1 (26. Bxe4 fxe4 27. Bxe7 Rxe7 28. Rc6 Rxc6 29. Nxc6 Bd3 $16) 26...
Rxe7 (26... Kxe7 27. Nc6+ $18) 27. Rc6 $1 Rxc6 28. Nxc6 Bb3 (28... Bd3 29. Ne5+
$18) 29. Rb2 Rc7 (29... Rb7 30. Nd8+) 30. Bxe4 Ba4 (30... fxe4 31. Ne5+ Kf6 32.
Ng4+ Kf5 33. Rxb3 Rc1+ 34. Kh2 h5 35. Rb5+ $18) 31. Bf3 Rxc6 (31... Bxc6 32.
Rc2 $18) 32. Rb7+ Kf6 33. Bxc6 Bxc6 34. Ra7 $18 h6 35. h4 g5 36. hxg5+ hxg5 37.
f4 Bd5 38. Ra6 Bc4 39. Rb6 Bd5 40. Kf2 Bc4 41. Ke1 Kg6 42. g3 Bd5 (42... Kh5
43. Rb7 Kg4 44. Kf2 $18) 43. Rb8 Kf6 44. Kd2 (44. Kd2 gxf4 45. gxf4 Ba2 (45...
e5 46. Rb5 Ke6 47. Rb6+ $18) 46. Kc3 Bd5 47. Kd4 Ba2 48. Rb2 Bd5 49. Kc5 Be4
50. Kd6 Bd5 51. Rh2 Bb3 52. Rh6+ Kf7 53. Ke5 Bd5 54. Rh7+ Ke8 55. Kf6 $18 {
/\Re7-e6}) 1-0

[Event "Copenhagen KS"]
[Site "Copenhagen"]
[Date "1996.??.??"]
[Round "9"]
[White "Kumaran, Dharshan"]
[Black "Hellsten, Johan"]
[Result "1-0"]
[WhiteElo "2495"]
[BlackElo "2490"]
[Annotator "Kantsler,B"]
[PlyCount "55"]
[EventDate "1996.07.05"]
[EventType "tourn"]
[EventRounds "9"]
[EventCountry "DEN"]
[EventCategory "10"]
[SourceTitle "CBM 055"]
[Source "ChessBase"]
[SourceDate "1996.12.01"]
[SourceVersion "1"]
[SourceVersionDate "1996.12.01"]
[SourceQuality "1"]

1. c4 c6 2. e4 d5 3. exd5 Nf6 4. d4 cxd5 5. Nc3 e6 6. Nf3 Bb4 7. Bd3 dxc4 8.
Bxc4 O-O 9. O-O b6 (9... Nbd7 10. Bg5 Qa5 11. Rc1 Bxc3 12. Rxc3 b5 13. Ra3 Qb6
14. Rb3 a6 15. a3 Qc7 $13 {Ljubojevic,L-Korchnoi,V/Leon/1994/}) 10. Bg5 Bb7 11.
Re1 Nbd7 (11... Bxc3 12. bxc3 Nbd7 13. Bd3 Qc7 14. Rc1 Qd6 15. Bh4 Rfc8 16. Bg3
Qa3 $13 {Gelfand,B-Karpov,A/Linares/1994/0:1/52/}) 12. Rc1 Bxc3 (12... Rc8 $5 {
Nielsen,P-Hellsten,J/Gistrup/1996/}) 13. Rxc3 Qb8 $6 {/\Ne4/} 14. Ne5 $1 Nxe5
$6 (14... Qd6 $32 $14) 15. Rxe5 Ne4 $2 (15... Nd5 $6 16. Rg3 $40 f6 $2 17. Bh6
fxe5 18. Bxg7 $18) (15... Nd7 $32 16. Re1 Qd6 $16) 16. Qg4 $1 f5 $8 (16... Nxg5
$2 17. Rxg5 g6 18. Bxe6 $1 fxe6 19. Rxg6+ Kh8 $8 20. Rg7 $1 Be4 (20... Rf6 21.
Rcc7 $18) 21. Rcc7 Rg8 22. Rxg8+ Qxg8 23. Qxe4 $18) (16... Nxc3 17. Bf6 g6 18.
Qg5 $18) 17. Bxe6+ Kh8 18. Bxf5 Nxc3 19. bxc3 Qc7 20. Qg3 h6 21. Bd2 (21. Bxh6
$2 Rxf5 22. Rxf5 Qxg3 23. hxg3 $15) 21... Qd6 22. h3 Bd5 23. Bf4 Qc6 24. Re7
Rf7 25. Rxf7 Bxf7 26. Be5 Rg8 27. Bc2 Bc4 28. Qg4 1-0

[Event "Gistrup"]
[Site "Gistrup"]
[Date "1996.??.??"]
[Round "9"]
[White "Nielsen, Peter Heine"]
[Black "Hellsten, Johan"]
[Result "1-0"]
[WhiteElo "2530"]
[BlackElo "2490"]
[Annotator "Kantsler,B"]
[PlyCount "107"]
[EventDate "1996.07.15"]
[EventType "tourn"]
[EventRounds "9"]
[EventCountry "DEN"]
[EventCategory "10"]
[SourceTitle "CBM 055"]
[Source "ChessBase"]
[SourceDate "1996.12.01"]
[SourceVersion "1"]
[SourceVersionDate "1996.12.01"]
[SourceQuality "1"]

1. c4 {Hecht} c6 2. e4 d5 3. exd5 Nf6 4. Nc3 cxd5 5. d4 e6 6. Nf3 Bb4 7. Bd3
dxc4 8. Bxc4 O-O 9. O-O b6 10. Bg5 Bb7 11. Re1 Nbd7 12. Rc1 Rc8 (12... Bxc3 13.
Rxc3 Qb8 14. Ne5 $1 Nxe5 $6 15. Rxe5 Ne4 $2 16. Qg4 $16 {Kumaran,D-Hellsten,J/
Copenhagen KS/1996/1:0/28/}) 13. Qb3 (13. Bd3 Re8 14. Qe2 Bxc3 15. bxc3 Qc7 16.
Bh4 Qd6 $5 $10 {Gulko,B-Short,N/New-York(m/4)/1994/0,5/34/}) 13... Be7 (13...
Bxc3 14. Rxc3 Qe8 $6 (14... h6 $5 15. Bh4 Qe8 $14) 15. Nd2 h6 16. Bxh6 $1 gxh6
17. Rh3 $16 {Brodsky,M-Kruppa,Y/Alushta/1994/0:1/26/}) 14. Bxf6 $1 gxf6 $6 (
14... Nxf6 $6 15. Bxe6 $1 fxe6 (15... Rc7 16. Ng5 fxe6 17. Nxe6 $16) 16. Qxe6+
Kh8 (16... Rf7 17. Ng5) 17. Qxe7 $16) 15. d5 $1 Kh8 (15... Nc5 16. Qd1 $16) 16.
dxe6 Nc5 17. Qd1 Qxd1 18. Rcxd1 Bxf3 19. gxf3 fxe6 20. Bxe6 $14 Rcd8 (20...
Nxe6 21. Rxe6 $16) 21. Bf5 Rxd1 22. Rxd1 Rd8 23. Rxd8+ Bxd8 24. Nd5 a5 25. Kf1
Nb7 26. Ke2 Nd6 27. Bd7 Kg7 28. Kd3 Kf7 29. Kd4 Nb7 30. Bf5 h6 31. b3 Nd6 32.
Bd7 Nb7 33. h3 $1 {(.)/} Be7 (33... Nd6 34. Ne3 Ke7 35. Bg4 {/\KdR+/-/}) 34.
Nxe7 (34. Nxb6 $2 Bc5+ 35. Kd5 Bxb6 36. Kc6 Nc5 37. Kxb6 Nxd7+ 38. Kxa5 $13)
34... Kxe7 35. Bc6 Nc5 36. Bd5 $1 (36. Kd5 $6 Na6 $1 $14) 36... Na6 (36... Kd6
37. Bg8) 37. Bc4 Nb4 (37... Nc7 38. Ke4 $16) 38. a4 Nc6+ 39. Kd5 Nb4+ 40. Ke4
Nc2 41. f4 Ne1 42. Kf5 Ng2 43. Bd5 Nh4+ 44. Kg4 Ng6 45. Be4 Kf7 (45... Nf8 46.
Kh5 $16) (45... Nh8 46. Kh5 Nf7 47. Bd5 $18) 46. Bxg6+ Kxg6 {[#] Hecht:
Tempozug, Opposition, Zugzwang} 47. f5+ Kf7 48. Kh5 $1 Kg7 49. h4 $1 Kh7 50.
Kg4 Kg7 51. Kf4 Kf7 52. Ke4 Ke8 53. Kd5 Kd7 54. h5 {(.)/} (54. h5 Kc7 55. Ke6
$18) (54. h5 Ke7 55. Kc6 $18) 1-0

[Event "RUS-ch"]
[Site "Elista"]
[Date "1996.??.??"]
[Round "11"]
[White "Shcherbakov, Ruslan"]
[Black "Landa, Konstantin"]
[Result "1/2-1/2"]
[WhiteElo "2555"]
[BlackElo "2570"]
[Annotator "Kantsler,B"]
[PlyCount "44"]
[EventDate "1996.10.15"]
[EventType "swiss"]
[EventRounds "11"]
[EventCountry "RUS"]
[SourceTitle "CBM 056"]
[Source "ChessBase"]
[SourceDate "1997.02.01"]
[SourceVersion "1"]
[SourceVersionDate "1997.02.01"]
[SourceQuality "1"]

1. d4 d5 2. c4 e6 3. Nc3 Bb4 4. Nf3 Nf6 5. e3 O-O 6. Bd3 c5 7. O-O dxc4 8. Bxc4
b6 9. a3 cxd4 10. axb4 dxc3 11. Qxd8 Rxd8 12. bxc3 Ne4 $1 {N} (12... Bb7 13.
Bb2 (13. Be2 a6 14. c4 Nc6 15. Ba3 Ne4 16. Rfc1 f6 17. h3 Rac8 18. Rc2 Kf7 19.
Rb1 Ne7 $10 {Yusupov,A-Nikolic,Pr Munchen 1994 1:0 44}) 13... a6 14. Be2 b5 15.
c4 (15. Rfd1 $5) 15... Nc6 $1 16. cxb5 axb5 17. Rxa8 Rxa8 18. Bxf6 gxf6 19. Rb1
Ra4 20. Bxb5 {1/2-1/2 Yusupov,A-Karpov,An Tilburg 60/(518)}) (12... a5 13. Bb2
Bb7 14. Be2 Nbd7 15. Rfd1 Rdc8 16. Kf1 $1 Bd5 17. Nd2 Ne5 18. f3 Ne8 19. e4 Bc4
20. Nxc4 Nxc4 21. Bxc4 Rxc4 22. Rd7 $14 {Yusupov,A-Rozentalis,E Deutschland
1995 1:0 50}) 13. Bb2 Bb7 14. Rfd1 Nc6 15. Kf1 Nd6 16. Be2 b5 $1 $10 17. Nd4
Nxd4 18. Rxd4 Kf8 19. f3 (19. Rad1 Ke7 $10) 19... a6 20. Rad1 Ke7 21. e4 e5 22.
R4d2 Rac8 1/2-1/2

[Event "Hoogovens"]
[Site "Wijk aan Zee"]
[Date "1998.01.22"]
[Round "6"]
[White "Karpov, Anatoly"]
[Black "Van Wely, Loek"]
[Result "1/2-1/2"]
[WhiteElo "2735"]
[BlackElo "2605"]
[Annotator "Khalifman,A"]
[PlyCount "57"]
[EventDate "1998.01.16"]
[EventType "tourn"]
[EventRounds "13"]
[EventCountry "NED"]
[EventCategory "17"]
[SourceTitle "CBM 063"]
[Source "ChessBase"]
[SourceDate "1998.03.26"]
[SourceVersion "1"]
[SourceVersionDate "1998.03.26"]
[SourceQuality "1"]

1. Nf3 {Meistens spielt Karpov heute d4.} Nf6 2. c4 e6 3. d4 c5 4. e3 {(!?)
Auf Van Wely Benoni hatte Karpov keine Lust. Er möchte lieber eine klassische
Stellung spielen, in der er sich mehr ausrechnet.} d5 5. Nc3 cxd4 6. exd4 Bb4
7. Bd3 dxc4 8. Bxc4 O-O 9. O-O b6 10. Bg5 Bb7 11. Qe2 Bxc3 12. bxc3 Nbd7 13.
Bd3 Qc7 14. c4 Ng4 {Diese Stellung kennt Karpov gut und hat sie mit den
schwarzen Steinen schon mehrfach auf dem Brett gehabt.} 15. Be4 (15. g3 Rfe8
16. Bf4 e5 17. Ng5 Ngf6 18. dxe5 Nxe5 19. Rae1 Qc6 20. f3 Nxd3 21. Qxd3 h6 22.
Nh3 Ba6 23. Rxe8+ Rxe8 24. Rc1 Rc8 {Polgar,J-Karpov,A/Monaco blind 1995/EXP 46/
1/2-1/2 (54)}) 15... Bxe4 16. Qxe4 Ngf6 17. Qe2 (17. Qd3 h6 18. Bxf6 Nxf6 19.
a4 Rac8 20. Rfc1 Rfd8 21. h3 e5 22. Nxe5 Qxe5 23. dxe5 Rxd3 24. exf6 Rd4 25. a5
gxf6 26. axb6 axb6 27. Rab1 Rdxc4 28. Rxc4 Rxc4 29. Rxb6 {1/2-1/2 Petrosian,
T-Karpov,A/Milano 1975/MCL 02}) 17... Rac8 18. Rac1 Rfe8 (18... Qb7 19. Qb2 Qa6
20. Qb3 Rc6 21. Rc2 Rfc8 22. Rfc1 h6 23. Bf4 Qa5 24. Bd2 Qf5 25. d5 Nc5 26. Qe3
Rd6 27. Nd4 Qd3 28. Nc6 Rd7 29. Ne5 Qxe3 30. Bxe3 Rb7 {1/2-1/2 Beliavsky,
A-Karpov,A/URS-chT 1975/MCD-ch (69)}) 19. Rfe1 h6 (19... Qc6 20. Qe3 Qa4 21.
Qb3 Qa6 {1-0 Irzhanov,R-Barus,C/Asia-chT 1995/EXP 50 (63)}) 20. Bd2 Qc6 21. Qd3
a6 22. h3 b5 {Ganz logisch gespielt, einfaches Schach.} 23. cxb5 Qxb5 24. Qxb5
axb5 25. Rb1 Rc2 26. Rxb5 Ra8 27. Ra1 Raxa2 28. Rxa2 Rxa2 29. Rb7 1/2-1/2